书目信息 |
| 题名: |
电动汽车充换电设施建设管理
|
|
| 作者: | ;国家电网公司 编 | |
| 分册: | ||
| 出版信息: | 北京 中国电力出版社 2018 |
|
| 页数: | 109页 | |
| 开本: | 21cm | |
| 丛书名: | 电动汽车充换电设施建设运营问答丛书 | |
| 单 册: | ||
| 中图分类: | U469.72-44 , TM910.6-44 | |
| 科图分类: | ||
| 主题词: | 电动汽车--充电--基础设施建设--运营管理--中国--问题解答 | |
| 电子资源: | ||
| ISBN: | 978-7-5198-1793-0 | |
| 000 | 01289oam2 2200265 450 | |
| 001 | 012001000645 | |
| 005 | 20140106142143.0 | |
| 010 | @a978-7-5198-1793-0@dCNY22.00 | |
| 100 | @a20181129d2018 em y0chiy50 ea | |
| 101 | 0 | @achi |
| 102 | @aCN@b110000 | |
| 105 | @aa z 000yy | |
| 106 | @ar | |
| 200 | 1 | @a电动汽车充换电设施建设管理@Adian dong qi che chong huan dian she shi jian she guan li@f国家电网有限公司营销部编 |
| 210 | @a北京@c中国电力出版社@d2018 | |
| 215 | @a109页@c彩图@d21cm | |
| 225 | 1 | @a电动汽车充换电设施建设运营问答丛书 |
| 330 | @a本书分为四章,第一章为规划计划,介绍了充换电设施规划布局、项目储备和配套保障内容;第二章为项目管理,介绍了过程管理、勘察设计、采购管理和供应商关系管理等内容;第三章为工程建设,介绍了施工组织、施工安全管理、土建工艺和电气工艺等内容;第四章为验收及投运,介绍了充电设备质量管理,充电桩接入车联网,项目验收、充电站投运,工程结算与决算、项目审计、财务转资,工程档案管理、项目后评价和废旧物资管理等内容。 | |
| 410 | 0 | @12001 @a电动汽车充换电设施建设运营问答丛书 |
| 606 | 0 | @a电动汽车@x充电@x基础设施建设@x运营管理@y中国@j问题解答 |
| 690 | @aU469.72-44@v5 | |
| 690 | @aTM910.6-44@v5 | |
| 711 | 02 | @a国家电网公司@Aguo jia dian wang gong si@b营销部@4编 |
| 801 | 0 | @aCN@b北京卓展文化@c20191020 |
| 905 | @b1200760-2@dU469.72-44@e856@f3 | |
| 电动汽车充换电设施建设管理/国家电网有限公司营销部编.-北京:中国电力出版社,2018 |
| 109页:彩图;21cm.-(电动汽车充换电设施建设运营问答丛书) |
| ISBN 978-7-5198-1793-0:CNY22.00 |
| 本书分为四章,第一章为规划计划,介绍了充换电设施规划布局、项目储备和配套保障内容;第二章为项目管理,介绍了过程管理、勘察设计、采购管理和供应商关系管理等内容;第三章为工程建设,介绍了施工组织、施工安全管理、土建工艺和电气工艺等内容;第四章为验收及投运,介绍了充电设备质量管理,充电桩接入车联网,项目验收、充电站投运,工程结算与决算、项目审计、财务转资,工程档案管理、项目后评价和废旧物资管理等内容。 |
| ● |
| 相关链接 |
|
|
|
|
正题名:电动汽车充换电设施建设管理
索取号:U469.72-44/856
 
预约/预借
| 序号 | 登录号 | 条形码 | 馆藏地/架位号 | 状态 | 备注 |
| 1 | 1200760 | 212007601 | 第二样本阅览室/ [索取号:U469.72-44/856] | 在馆 | |
| 2 | 1200761 | 212007610 | 第三借阅区/ [索取号:U469.72-44/856] | 在馆 | |
| 3 | 1200762 | 212007629 | 第三借阅区/ [索取号:U469.72-44/856] | 在馆 |